00556nam a2200193Ia 450000500170000000800410001702000150005808200190007310000230009224500340011526000380014930000110018765000120019865000210021065000150023194200060024695200950025299900150034720250224013525.0240331s9999 xx 000 0 und d a9559429353 bKAN24893a954 aKanapathipillai, K 0aIlankai Val Thamilar Varalaru aColombobKumaran Book Housec2003 a70 p., aHistory aSri Lankan Tamil aLiberation cL 001040708LaWERCLbWERCLcSSCd2024-03-31l0o 954 KANp4893r2024-03-31w2024-03-31yL c4269d4269